000 01006nam a22003137a 4500
003 CHAP
005 20220329140445.0
008 971013s1983 r 00010 d
010 _a52229
011 _a53201
035 _a57351
040 _cCHAP
090 _aFolleto 9368
100 0 0 _aPolo M., Leopoldo.
_990280
245 _aPronóstico
_b: paquete computacional
260 _aMéxico :
_bCIDE. Centro de Cómputo y Sistemas,
_c1983
300 _a55 p.
_b: gráfs.
490 _aMaterial docente
_v; 1
590 _aBATCH-UPD
_b10
_c20130110
_lUCH01
_h1936
590 _aBATCH-UPD
_b10
_c20130410
_lUCH01
_h1259
590 _aBATCH-UPD
_b10
_c20130914
_lUCH01
_h0909
590 _aCONVERSION
_b10
_c20130109
_lUCH01
_h1328
650 1 4 _aLenguajes de programación.
_965989
710 0 _aCentro de Investigación y Docencia Económicas. México.
_921156
830 0 _aMaterial docente
_v; 1
_972940
901 _aBK
942 _cFOLL
949 _aFolleto 9368
_bBC
_cFOLL
_d-124831
_eTS1
_gI.c/e
_i57351
_si
999 _c52229
_d52229